Cat goes fishing huge fish by pictures. - Statistics

General Stats
  • This quiz has been taken 52 times
  • The average score is 9 of 15
Answer Stats
Picture Answer % Correct
Shark
95%
Swordfish
81%
Dragon
69%
Tiger Shark
69%
Cave Shark
62%
Maw
62%
Moga
62%
Noctis
62%
Abyssal
60%
Magnalav
48%
Dunkan
45%
Shaku
45%
Hamahed
40%
Problematicus
40%
Old Cusper
10%
No matching quizzes found
Score Distribution
Percent of People with Each Score
Percentile by Number Answered
Your Score History
You have not taken this quiz